[Event "RUS-ch"]
[Site "Krasnodar"]
[Date "2002.09.01"]
[Round "6"]
[White "Grigoriants, Sergey"]
[Black "Jakovenko, Dmitrij"]
[Result "1/2-1/2"]
[WhiteElo "2490"]
[BlackElo "2552"]
[Annotator "Milov,V"]
[PlyCount "67"]
[EventDate "2002.08.27"]
[EventType "swiss"]
[EventRounds "9"]
[EventCountry "RUS"]
[SourceTitle "CBM 091"]
[Source "ChessBase"]
[SourceDate "2002.11.12"]
[SourceVersion "1"]
[SourceVersionDate "2002.11.12"]
[SourceQuality "1"]

1. e4 c5 2. Nf3 e6 3. d4 cxd4 4. Nxd4 Nc6 5. Nb5 d6 6. c4 {A solid and
reliable plan. The main idea is to take the centre (and the d5-square in
particular) under control.} Nf6 7. N1c3 (7. N5c3 Be7 8. Be2 O-O 9. O-O b6 10.
Bf4 Bb7 11. Re1 Ne5 12. Bf1 Rc8 13. Na3 Qc7 14. Rc1 Qb8 15. h3 Qa8 $11 {
Aseev-Zvjaginsev, 53rd ch-Rus, Samara Rus, 2000, 1/2}) 7... a6 8. Na3 {The
main move} (8. Nd4 {A rare move which allows Black to play d6-d5.} Be7 9. Be2
O-O 10. O-O d5 $1 $11 {1/2-1/2 Ehlvest,J-Bacrot,E FIDE GP Dubai rapid 2002})
8... Be7 9. Be2 O-O (9... b6 10. O-O Bb7 11. Be3 Nb8 12. f3 Nbd7 13. Qd2 Qc7
14. Rac1 Rc8 15. Rfd1 Qb8 16. Kh1 O-O 17. Bf1 Rfe8 18. Nab1 Bc6 19. Bf4 Ne5 $11
{1/2-1/2 Sulskis,S-Tunik,G Aeroflot Open, Moscow 2002}) 10. O-O Qc7 11. Be3 b6
12. Rc1 Ne5 13. f3 {Strengthening the centre restricting the knight f6 and the
bishop b7.} Bb7 14. Qe1 ({the alternative is} 14. Qd2 Rac8 15. Rfd1 Rfd8 16.
Bf1) 14... Ned7 15. Qf2 Rac8 16. Rfd1 Bd8 (16... Rfd8 17. Na4 Nc5 18. Nc3 Ncd7
$11) 17. Nab1 Qb8 18. Nd2 Be7 19. Nf1 (19. Na4 Bc6 $1 20. Nxb6 Nxb6 21. Bxb6
Nd7 22. Bd4 (22. Be3 Qxb2) 22... e5 23. Bc3 d5 $1 24. Nb3 $8 d4 25. Bd2 Ba4 26.
Qg3 Bxb3 27. axb3 Qxb3 $15) ({it`s dangerous for White to take the pawn:} 19.
Bxb6 Nxb6 (19... Bc6 20. Bd4 e5 21. Be3 Qxb2 22. Nb3 $14) 20. Qxb6 d5 21. b4
Rc6 22. Qa5 d4 23. Ncb1 Bd6 (23... Qf4 $5 $36) 24. h3 (24. g3 Bxg3 25. hxg3
Qxg3+ $11) (24. Nf1 Rd8 $44) 24... Bh2+ 25. Kh1 Bc7 26. Qa4 Nh5 27. Nf1 Rd8 $44
) 19... Bc6 20. b4 Qa8 21. a4 (21. Bxb6 Nxb6 (21... d5 $6 22. exd5 exd5 23.
cxd5 Nxd5 24. Nxd5 Bxd5 25. Bc7 $1 $16) 22. Qxb6 Rb8 (22... Bd8 23. Qf2 Qb7)
23. Qa5 Rfc8 24. Ng3 Nd7 $44) 21... Bb7 22. Bf4 Ne5 ({after} 22... d5 {a
complex double-edged position arises:} 23. e5 (23. cxd5 $6 Bxb4 24. dxe6 fxe6
$15) 23... Nh5 24. Be3 Nxe5 (24... Bxb4 $6 25. f4 g6 26. Bxh5 gxh5 27. cxd5 $1
Rxc3 (27... Bxc3 28. dxe6 Nxe5 29. fxe5 fxe6 (29... Bxe5 30. Bh6 Rxc1 31. Rxc1
fxe6 32. Bxf8 Qxf8 33. Qxb6 $18) 30. Qg3+ Kh8 31. Rd7 Rg8 32. Bg5 Rg6 33. Bf6+
Kg8 34. Rg7+ Kf8 35. Rxc3 $1 Rxc3 (35... Rxg3 $2 36. Rcxg3 $18) 36. Qxc3 Rxg7
37. Qb4+ Kg8 38. Bxg7 Kxg7 39. Qe7+ Kh8 40. Qf6+ Kg8 41. Qxe6+ Kf8 42. Qxb6 $18
) (27... exd5 28. Qg3+ Kh8 29. Bd4 Bc5 30. Ne3 $14) 28. Rxc3 Bxc3 29. dxe6 Nxe5
30. fxe5 fxe6 31. Qg3+ Kh8 32. Bg5 $18) 25. cxd5 (25. f4 Nxf4 26. Bxf4 Nxc4 {
unclear}) 25... Bxb4 26. Na2 $1 Rxc1 27. Rxc1 Ba3 28. Rc3 Bd6 29. f4 Nxf4 (
29... Nf6 30. fxe5 Bxe5 31. Rc2 Nxd5 {unclear}) 30. Bxf4 Bxd5 31. Nc1 $14) 23.
Bg5 $6 ({Deserved attention} 23. Bxe5 $5 dxe5 24. Qxb6 Rc6 25. Qa5 Bd6 26. b5
$16) 23... Ned7 $2 ({better was} 23... Nxc4 $1 24. Bxc4 Rxc4 25. Qxb6 (25. Bxf6
Bxf6 26. Na2 Rxc1 27. Nxc1 Qd8 $19) 25... Nd7 26. Qa5 f6 27. Be3 Rfc8 $17) 24.
Bf4 $11 Qb8 25. Be3 Kh8 26. Ng3 $6 ({It is not clear, why white didn`t play} 
26. Bxb6 Nxb6 (26... Bxe4 27. Ba7 $18) 27. Qxb6 $16) 26... Rfe8 27. Kh1 Qa8 28.
Bf1 h6 29. Qd2 Kh7 (29... d5 $6 30. cxd5 exd5 31. Nxd5 Rxc1 32. Qxc1 Nxd5 33.
exd5 Bxd5 34. Bxh6 $16) 30. Qc2 Kg8 31. Qf2 Qb8 32. Bd4 Rf8 33. Rd2 Ba8 34. Rb2
{In this position of dynamic balance a draw was agreed: White has more space,
black has a good piece play.} 1/2-1/2

[Event "FRA-chT Top 16 GpB"]
[Site "Port Barcares"]
[Date "2005.05.04"]
[Round "8"]
[White "Schlosser, Philipp"]
[Black "Delchev, Aleksander"]
[Result "1/2-1/2"]
[WhiteElo "2559"]
[BlackElo "2614"]
[Annotator "Mueller,Karsten"]
[PlyCount "129"]
[EventDate "2005.05.04"]
[EventType "team"]
[EventRounds "11"]
[EventCountry "FRA"]
[SourceTitle "CBM 107"]
[Source "ChessBase"]
[SourceDate "2005.08.01"]
[SourceVersion "1"]
[SourceVersionDate "2005.08.01"]
[SourceQuality "1"]

1. e4 c5 2. Nf3 e6 3. d4 cxd4 4. Nxd4 Nc6 5. Nb5 d6 6. c4 Nf6 7. N1c3 a6 8. Na3
Be7 9. Be2 O-O 10. O-O b6 11. Be3 Bb7 12. Qb3 Nd7 13. Rfd1 Nc5 14. Qc2 Qc7 15.
Rac1 Rac8 16. Qd2 Qb8 17. Nc2 Ne5 18. f3 Ncd7 19. b3 Ng6 20. Kh1 Rfe8 21. Bf1
h6 22. a3 Rc7 23. Nd4 Bf8 24. b4 Nge5 25. Na4 Rec8 26. Nb2 d5 27. cxd5 Rxc1 28.
Rxc1 Rxc1 29. Qxc1 exd5 30. f4 Ng4 31. e5 Nxe3 32. Qxe3 Qc7 33. Nd3 Nb8 34. e6
Nc6 35. Nxc6 Bxc6 36. exf7+ Qxf7 37. Ne5 Qb7 38. Qh3 Be8 39. Qe6+ Bf7 40. Bxa6
Bxe6 41. Bxb7 Bd6 42. g3 g5 43. Kg2 Kg7 44. Kf3 gxf4 45. gxf4 Kf6 46. Nc6 Bf5
47. Ke3 Bh3 48. Nd4 Bg2 49. Ba6 h5 50. Be2 h4 51. Nb5 Bb8 52. Bd3 Ke6 53. a4
Kd7 54. a5 bxa5 55. bxa5 d4+ 56. Nxd4 Ba7 57. Be2 Kc8 58. Bc4 $2 {Es ist gut
möglich, dass dieser Tempoverlust es verdirbt. Sofortiges} (58. f5 {gewann, z.
B.} Bc5 (58... Bb8 59. Bf3 h3 60. f6 Bxh2 61. f7 Bd6 62. Bxg2 hxg2 63. Kf2 Kb7
64. Kxg2 Ka6 65. Nb3 $18) 59. f6 Bd5 60. Bb5 h3 61. Kd3 Bg2 62. Kc3 Bd6 63. f7
Bd5 64. Bc4 $18) 58... h3 59. f5 $6 {Es kann gut sein, dass es hier gegen die
mächtigen Läufer bereits keinen Gewinn mehr gibt:} (59. a6 Kc7 60. f5 $2 Kd6
$11) 59... Bb8 $1 $11 60. Nf3 Bxf3 61. Kxf3 Bxh2 62. Kg4 Bc7 63. a6 h2 64. Bd5
Kb8 65. f6 (65. f6 Ka7 66. f7 Bd6 67. Bb7 h1=Q 68. Bxh1 Kxa6 $11) 1/2-1/2

[Event "URS-chT Cup 11th"]
[Site "Rostov on Don"]
[Date "1980.05.??"]
[Round "5"]
[White "Gufeld, Eduard"]
[Black "Popov, Nikolay"]
[Result "1-0"]
[WhiteElo "2510"]
[BlackElo "2425"]
[Annotator "Primel,D"]
[PlyCount "89"]
[EventDate "1980.05.23"]
[EventType "team-tourn"]
[EventRounds "7"]
[EventCountry "URS"]
[SourceTitle "EXT 2020"]
[Source "ChessBase"]
[SourceDate "2019.10.17"]
[SourceVersion "1"]
[SourceVersionDate "2019.10.17"]
[SourceQuality "1"]
[WhiteTeam "Dinamo"]
[BlackTeam "Lokomotiv"]
[WhiteTeamCountry "URS"]
[BlackTeamCountry "URS"]

1. e4 c5 2. Nf3 e6 3. d4 cxd4 4. Nxd4 Nc6 5. Nb5 {Si les blancs veulent un
étau de Maroczy, ils doivent choisir cet ordre de coups pour forcer "d6" et
empêcher Bb4 qui égalise} (5. c4 $143 Nf6 6. Nc3 Bb4 $11) 5... d6 6. c4 Nf6 7.
N1c3 a6 8. Na3 Be7 (8... b6 $5) 9. Be2 O-O 10. O-O b6 11. Be3 Ne5 {[%cal Ge5d7]
Le repli habituel vers d7 et la perte de temps du Nb5a3 est compensée par
celle des noirs.} (11... Bb7) 12. Qb3 {C'est une des raisons pour lesquelles
les noirs jouent Ne5 pour défendre b6 par Nd7. GUFELD avait sorti cette
nouveauté ... un mois plus tôt contre KASPAROV!} (12. f4 {Tseshkovsky,V (2560)
-Kasparov,G (2545) URS-ch47 Minsk 1979 (9) 1/2}) 12... Ned7 13. Rfd1 Bb7 $146 (
13... Qc7 {Gufeld,E (2510)-Kasparov,G (2595) Baku 1980 (4) 1/2}) 14. f3 Rc8 15.
Kh1 Re8 $1 {[%cal Ge7f8,Gg7g6,Gf8g7,Gd6d5,Ge8e3]} 16. Rd2 (16. Na4 $6 {[%cal
Ga4b6,Ge3b6,Gb3b6]} Bc6 $1 17. Nxb6 $2 Rb8) 16... Qc7 17. Rad1 Nc5 $11 18. Qc2
d5 $1 {Intéressant mais risqué car les pièces blanches sont bien centralisées.
Le seul point faible des blancs est le manque de protection du Be3 et c'est la
raison pour laquelles, les noirs essayent de profiter du vis-à-vis Re8 Be3} (
18... h5 {[%cal Gh5h4,Gh4h3]} 19. Bf2 g6) 19. cxd5 exd5 20. Nxd5 (20. exd5 Bd6
{[%cal Gd6h2,Ge8e3]} 21. Bg1 b5 $1 $40 {[%csl Ra3,Rc3][%cal Gb5b4]}) 20... Nxd5
21. exd5 Bd6 $44 {[%cal Ge8e3,Gd6h2]} 22. Nc4 $1 {Le coup qui sauve les blancs
et qui rend la variante 18. d5 assez risquée car les blancs gagnent la paire
de B dans une position ouverte.} b5 23. Nxd6 Qxd6 24. Bf2 Ne4 $1 {Les espoirs
des noirs résidaient dans cette pointe qui va être réfutée par le GMI} 25. Qxe4
$3 Rxe4 26. fxe4 $44 {[%cal Gf2g3] GUFELD a la paire de B et un P passé
protégé et les pièces blanches sont bien coordonnées pour soutenir le P passé.
La menace immédiate est Bg3, suivi de e4e5} f6 (26... h6 27. a3 (27. Bg3 Qb4
28. Bf3 (28. e5 $4 Rc1 $1))) 27. Bf3 {[%cal Gf3e4,Gf3d5] Une précaution utile
avant de préparer e4e5} Rd8 28. Bg3 $14 Qc5 29. e5 $1 fxe5 30. Bxe5 Bc8 31. Bd4
$36 {[%csl Gd4] les noirs manquent de contre-jeu} Qd6 32. Bf2 Rf8 33. Bg3 Qf6
34. d6 $1 Bd7 35. Re1 {[%cal Ge1e7]} (35. Bd5+ $1 Kh8 36. Rf2 Qd8 37. Rdf1 $40)
35... h5 36. h4 Qg6 37. Bd5+ Kh8 38. Kh2 Rf6 39. Be4 Qg4 $2 40. Rd5 $18 Re6 41.
Bf5 Qc4 42. Bxe6 Bxe6 43. Rxh5+ Kg8 44. b3 Qc8 45. Rhe5 {[%mdl 2560]} 1-0

[Event "Sautron op 13th"]
[Site "Sautron"]
[Date "2013.10.31"]
[Round "7"]
[White "Kasparov, Sergey"]
[Black "Avrukh, Boris"]
[Result "1/2-1/2"]
[WhiteElo "2480"]
[BlackElo "2576"]
[Annotator "RR"]
[PlyCount "51"]
[EventDate "2013.10.26"]
[EventType "swiss"]
[EventRounds "9"]
[EventCountry "FRA"]
[SourceTitle "EXT 2016"]
[Source "ChessBase"]
[SourceDate "2015.10.08"]
[SourceVersion "1"]
[SourceVersionDate "2015.10.08"]
[SourceQuality "1"]
[TimeControl "40/5400+30:1800+30"]
[WhiteClock "1:30:00"]
[BlackClock "1:30:00"]

1. e4 {[%emt 0:00:00]} c5 {[%emt 0:00:00]} 2. Nf3 {[%emt 0:00:00]} e6 {[%emt 0:
00:00]} 3. d4 {[%emt 0:00:07]} cxd4 {[%emt 0:00:00]} 4. Nxd4 {[%emt 0:00:03]}
Nc6 {[%emt 0:00:21]} 5. Nb5 {[%emt 0:00:13]} d6 {[%emt 0:00:16]} 6. c4 {
[%emt 0:00:27]} Nf6 {[%emt 0:01:14]} 7. N1c3 {[%emt 0:00:22]} a6 {[%emt 0:00:
41]} 8. Na3 {[%emt 0:00:12]} Be7 {[%emt 0:00:35]} (8... b6) 9. Be2 {[%emt 0:00:
18]} O-O {[%emt 0:00:18]} 10. O-O {[%emt 0:00:21]} b6 {[%emt 0:00:28]} 11. Be3
{[%emt 0:00:22]} Bb7 {[%emt 0:00:46]} (11... Ne5 {[%cal Ge5d7] L'alternative}
12. f4 Ned7 13. Bf3 Bb7) 12. Qb3 {[%emt 0:00:44] La grande ligne} (12. f4 Rc8 (
12... d5 13. cxd5 exd5 14. Nxd5 Nxd5 15. Qxd5 Qxd5 16. exd5 Nb4 $13)) 12... Nd7
$8 {[%emt 0:00:20]} 13. Rad1 {[%emt 0:01:02][%cal Ga3b1,Gb1d2]} (13. Rfd1 Nc5
14. Qc2 Bf6 15. Rac1 Qe7 16. Nab1 Nb4 17. Qd2 Rfd8 18. Qe1 d5 $36 {Magem
Badals,J (2551)-Rubio Mejia,L (2445) ESP-chT CECLUB Honor 2013 (1.2) 1/2})
13... Rb8 {[%emt 0:12:02]} (13... Nc5 14. Qc2 Qc7 15. Nab1 Rac8 16. a3 Rfd8 17.
f3 Bf6 18. Rd2 Nd7 19. Rc1 Nce5 20. b3 g5 21. Qd1 Be7 22. Kh1 Kh8 23. Bd4 Rg8
24. Na4 f6 25. Nbc3 Ba8 26. Nb2 Rg7 27. b4 h5 28. Qf1 Ng6 29. Qf2 h4 30. Rdc2
h3 31. g3 Nge5 32. Qf1 Rh7 33. Kg1 Rf8 34. f4 gxf4 {1/2-1/2 (34) Bruzon
Batista,L (2698)-Najer,E (2626) Tromso 2013}) (13... Re8 14. Nab1 Rc8 15. a3
Qc7 16. Qa2 Nce5 $132 {Grischuk,A (2763)-Svidler,P (2749) Wch Blitz Astana
2012 (28) 0-1}) 14. Rd2 {[%emt 0:08:08]} Re8 {[%emt 0:04:42] La bonne case
pour la R dans cette structure} 15. Rc1 {[%emt 0:05:33]} Bf8 {[%emt 0:05:29]}
16. Qd1 $146 {[%emt 0:03:29][%csl Rd5] Les Blancs gardent un petit avantage
d'espace mais la position Noire est très solide} (16. f4 f5 17. exf5 exf5 18.
Nd5 Nc5 19. Qc2 Nb4 20. Nxb4 Rxe3 21. Nd5 Bxd5 22. Rxd5 Qe7 23. Bf1 g6 24. Qd2
Re6 25. Nc2 Ne4 26. Qd3 Nf6 27. Nd4 Re3 28. Nc6 Qe6 29. Qd2 Re8 30. Rd3 Rxd3
31. Bxd3 Qc8 32. Nd4 Qc5 33. Bf1 Re4 34. Rd1 d5 35. Kh1 dxc4 36. g3 Ng4 37. Bg2
Re3 38. Ne6 Qb4 39. Bd5 Qxd2 40. Nd4+ Kh8 41. Rxd2 Re1+ 42. Kg2 Bb4 {0-1 (42)
Aseev,K (2295)-Lutikov,A (2390) Moscow 1982}) 16... Nb4 $1 {[%emt 0:13:24]
[%csl Ra2][%cal Gd6d5]} 17. Nc2 {[%emt 0:03:16]} Nxc2 {[%emt 0:00:54]} 18.
Rcxc2 {[%emt 0:08:46]} Qc7 {[%emt 0:02:27]} 19. f3 {[%emt 0:07:08]} Rbc8 {
[%emt 0:04:41]} 20. Bf1 {[%emt 0:01:11]} Qb8 $11 {[%emt 0:02:03]} 21. Rc1 {
[%emt 0:03:50]} Ba8 {[%emt 0:04:29]} 22. Rcc2 {[%emt 0:08:00]} Bb7 {[%emt 0:03:
43] les deux camps se neutralisent et la nulle est proche} 23. Rc1 {[%emt 0:02:
40]} Ba8 {[%emt 0:01:12]} 24. Rcc2 {[%emt 0:00:12]} Bb7 {[%emt 0:00:37]} 25.
Rc1 {[%emt 0:00:40]} Ba8 {[%emt 0:00:34]} 26. Ra1 1/2-1/2

[Event "EU-Cup 22nd"]
[Site "Fuegen"]
[Date "2006.10.11"]
[Round "4.2"]
[White "Naiditsch, Arkadij"]
[Black "Mamedyarov, Shakhriyar"]
[Result "0-1"]
[WhiteElo "2676"]
[BlackElo "2728"]
[Annotator "Reeh,O"]
[PlyCount "58"]
[EventDate "2006.10.08"]
[EventType "team-swiss"]
[EventRounds "7"]
[EventCountry "AUT"]
[SourceTitle "CBM 115"]
[Source "ChessBase"]
[SourceDate "2006.11.15"]
[SourceVersion "1"]
[SourceVersionDate "2006.11.15"]
[SourceQuality "1"]
[WhiteTeam "Clichy Echecs 92"]
[BlackTeam "Cheboksary"]
[WhiteTeamCountry "FRA"]
[BlackTeamCountry "RUS"]

1. e4 c5 2. Nf3 e6 3. d4 cxd4 4. Nxd4 Nc6 5. Nb5 d6 6. c4 Nf6 7. N1c3 a6 8. Na3
Be7 9. Be2 O-O 10. O-O b6 11. Be3 Bb7 12. Qb3 Nd7 13. Rfd1 Nc5 14. Qc2 Bf6 15.
Rac1 Be5 16. Nab1 f5 17. f4 Bxc3 18. Nxc3 fxe4 19. a3 e5 20. Nd5 Nd4 21. Bxd4
exd4 22. Rxd4 Ne6 23. Rxe4 Bxd5 24. cxd5 Nxf4 25. Bf3 $6 ({Attention deserved
Aufmerksamkeit verdiente} 25. Bg4 Qg5 26. Be6+) 25... Qg5 26. Ree1 Rf6 27. Kh1
{Now Black's attack develops swiftly. Danach entfaltet sich der schwarze
Angriff reibungslos.} (27. Qb3 $1 Raf8 (27... Nh3+ 28. Kh1 Nf2+ 29. Kg1 {
is nothing. führt zu nichts.}) 28. Qe3 {and White holds. und Weiß hält sich.})
27... Raf8 28. Be4 $6 {White just has no luck with this bishop... Weiß hat
einfach kein Glück mit diesem Läufer...} (28. Rcd1 $1) 28... Rh6 29. Rf1 {
Allowing a nice finish. Lässt ein hübsches Finale zu.} {[%tqu "En","Black has
concentrated all his forces on the kingside. Now it's time to strike!","Black
needs open lines...","","h6h2","Beautiful!  I suppose you have seen already
that the real hero of the attack will be the black... knight!?",10,"De",
"Schwarz hat alle Kräfte am Königsflügel konzentriert. Jetzt heißt es
zuschlagen!","Schwarz braucht offene Linien...","","h6h2","Wunderbar! Ich
nehme an, Sie haben hier schon gesehen, wer der wahre Held des Angriffs wird,
nämlich... der schwarze Springer!",10]} Rxh2+ $1 {Ripping open White's king
position and preparing a deadly cooperation of queen and knight! Reißt die
weiße Königsstellung auf und bereitet ein tödliches Zusammenspiel von Dame und
Springer vor!} (29... Rxh2+ {and White resigned, since after und Weiß gab sich
geschlagen, denn nach} 30. Kxh2 {[%tqu "En","What was the idea of the rook
sacrifice on h2?","The knight on f4 must be included into the attack, but
first the king must be forced onto the g-file...","Enable Black to give a very
profitable check on e2...","g5h5","Of course!",10,"De","Was war die Idee des
Turmopfers auf h2?","Der Springer f4 muss im Angriff mitwirken, doch dazu muss
man erst den König auf die g-Linie zwingen...","Ermöglichen Sie Schwarz ein
sehr einträgliches Springerschach auf e2...","g5h5","Natürlich!",10]} Qh5+ 31.
Kg3 ({or oder} 31. Kg1) 31... Ne2+ {he loses his queen (32.Qxe2 Qxe2 33.Bxh7+
Kxh7 34.Rxf8 Qe3+ and the rook falls). verliert er die Dame (32.Dxe2 Dxe2 33.
Lxh7+ Kxh7 34.Txf8 De3+ und der Turm fällt).}) (29... Qg3 $2 {fails to the
simple scheitert am einfachen} 30. h3 {, and now after , und nun wäre nach}
Nxh3 $4 31. Rxf8+ Kxf8 32. Qc8+ Kf7 33. Rc7+ Kf6 34. Qf5# {Black would be the
one to get mated. Schwarz derjenige, der mattgesetzt wird.}) 0-1

[Event "Pamplona 9697 7th"]
[Site "Pamplona"]
[Date "1996.??.??"]
[Round "4"]
[White "Almasi, Zoltan"]
[Black "Cramling, Pia"]
[Result "1-0"]
[WhiteElo "2655"]
[BlackElo "2545"]
[Annotator "Ribli,Z"]
[PlyCount "120"]
[EventDate "1996.12.??"]
[EventType "tourn"]
[EventRounds "9"]
[EventCountry "ESP"]
[EventCategory "13"]
[SourceTitle "CBM 057"]
[Source "ChessBase"]
[SourceDate "1997.04.01"]
[SourceVersion "1"]
[SourceVersionDate "1997.04.01"]
[SourceQuality "1"]

1. e4 c5 2. Nf3 e6 3. d4 cxd4 4. Nxd4 Nc6 5. Nb5 d6 6. Bf4 e5 7. Be3 a6 (7...
Nf6 $5) 8. N5c3 Nf6 9. Bg5 Be7 10. Nd2 Be6 $5 {Interessante Zugfolge. Schwarz
rochiert noch nicht, sondern beginnt eine Aktion in Zentrum.Ribli.} 11. Nc4 Nd4
12. Bd3 Rc8 13. Bxf6 (13. Ne3 Nxe4 14. Nxe4 (14. Bxe7 Nxc3 15. Bxd8 (15. bxc3
Qxe7 16. cxd4 exd4 17. Nf1 $8 Rxc2 $2 (17... Bg4+ 18. Be2 Bxe2 19. Qxe2 Rxc2
20. Nd2 d3) (17... O-O {Und es ist nicht klar, ob Schwarz ausreichende
Kompensation für die Figur hat, aber Weiss spielt i positionellem Stile. Ribli.
}) 18. Qxc2 Bb3+ 19. Qe2 $18) 15... Nxd1) 14... Bxg5) 13... Bxf6 14. Ne3 Bg5
15. Ncd5 Bxe3 16. Nxe3 O-O 17. O-O Qb6 $6 (17... g6 $5 {Nach meiner Meinung
wäre logisch, so zu spielen und später möglicherweise f7-f5 folgen zu lassen.
Ribli.}) 18. c3 Nc6 19. Qe2 $14 {[#] Weiß hat seinen üblichen Vorteil, aber
jetzt ist dieser nicht so gross, weil Schwarz seinen weißfeldrigen Läufer noch
auf dem Brett hat, der den Punkt d5 kontrolliert. Ribli.} Ne7 20. Rfd1 Rfd8 21.
Rd2 Qc7 (21... d5 22. exd5 Nxd5 23. Nc4 $5 (23. Qh5 Nf6 (23... g6 24. Qxe5 Nxe3
25. Qxe3 Qxe3 26. fxe3 Rc7 27. Rdd1 Rcd7 28. Be2 Rxd1+ 29. Rxd1 Rxd1+ 30. Bxd1
Bxa2) 24. Qxe5 $16) (23. Nxd5 Bxd5 24. Bxh7+ (24. Rad1 Bxa2) (24. Qxe5 Bc4 25.
Qe4 Bxd3 26. Rxd3 Rxd3 27. Qxd3 Qxb2 28. Rb1 Qxc3 29. Qxc3 Rxc3) 24... Kxh7 25.
Rxd5 Rxd5 26. Qe4+ Kg8 27. Qxd5 Qxb2)) 22. Qd1 Qb6 23. Qa4 Rc5 24. Bc4 {
Die weiße Hauptidee ist es, diesen guten Verteidigungsläufer zu tauschen. Dann
hat er ein klar besseres Endspiel.Ribli.} Qc6 25. Qxc6 Rxc6 26. Bb3 (26. Bxe6
$2 fxe6 $11 {Und der Doppelbauer kontrollierte wichtige Zentrumsfelder. Ribli.}
) 26... Kf8 27. Rad1 Nc8 28. g3 g6 29. Kg2 Re8 30. Ba4 $1 {Weiß provoziert
eine neue Schwäche im schwarzen Lager.Ribli.} b5 31. Bb3 Re7 32. f3 Kg7 33. h4
a5 34. Bd5 {[#] Es ist sicher, daß Schwarz keine Gegenchancen in dieser Partie
hat, er muß einen langen und traurigen Verteidigungskampf führen, um zu
überleben. Ribli.} Rc5 35. Rd3 Bxd5 36. Rxd5 Rec7 37. Kf2 f6 38. Ke2 Kf7 39. h5
$1 {Weil Schwarz sich am Damenflügel beschaeftigt, eröffnet Weiß eine zweite
Frontlinie am Königsflügel. Der junge ungarische Großmeister lebt in solchen
Stellungen auf,wie ein Fisch im Wasser. Ribli.} Ke6 40. f4 Kf7 41. Rh1 Kg7 42.
hxg6 hxg6 43. Rd2 {Ein Angriffzug ! Die Drohung Kf3 Rdh2 ist mehr als
unangenehm für Schwarz.Ribli.} exf4 44. gxf4 Rf7 45. Kf3 f5 {Das ist die
einzige Möglichkeit für Schwarz ein wenig Luft zu schnappen. Ribli.} 46. exf5
gxf5 47. Rh5 Kf8 48. Rd3 {Almasi ist präzise wie ein schweizer Uhrwerk. Er
bereitet den Zug b2-b4 vor. Ribli.} Ke7 49. b4 axb4 50. cxb4 Rc1 51. Rd5 {
Die Frucht beginnt zu reifen. Beide schwarzen Bauern hängen gleichzeitig.
Ribli.} Rc3 52. Rxb5 Kd8 53. Kf2 (53. Rhxf5 $2 Re7) 53... Ne7 54. Rb7 Rc7 55.
Rb8+ Kd7 56. a4 $18 {Die Partie ist praktisch entschieden. Für Schwarz gibt es
kaum Hoffnung. Ribli.} Nc6 57. Rb6 Nd4 58. Rh6 Ne6 59. Nd5 Rc2+ 60. Ke3 Nc7 {
Und Schwarz gab gleichzeitig auf, denn 61.Rbxd6 oder 61.Rhxd6 gewinnen leicht.
Eine gute strategische Leistung von Almasi. Ribli} 1-0